[Event "Challenge"]
[Site "http://www.queenalice.com/game.php?id=156335"]
[Date "2007.1.20"]
[Round "-"]
[White "Vampiria"]
[Black "schwam"]
[Result "0-1"]
[WhiteElo "1105"]
[BlackElo "1592"]

1. d4 d5 2. e3 Nc6 3. c3 Nf6 4. Nf3 Bg4 5. Be2 e6 6. h3 Bh5 7. Rg1 Ne4 8. Ne5
Bxe2 9. Qxe2 Nxe5 10. dxe5 c5 11. f3 Ng3 12. Qb5+ Qd7 13. Qxd7+ Kxd7 14. Nd2 c4
15. e4 dxe4 16. fxe4 Bc5 17. Rf1 Nxf1 18. Kxf1 Rhf8 19. Nxc4 f6 20. Bf4 f5 21.
Nd6 Bxd6 22. Rd1 fxe4 23. Re1 Rxf4+ 24. Kg1 Bxe5 25. a3 Raf8 26. g3 Rf3 27. Kg2
Rxg3+ 0-1

[Event "Challenge"]
[Site "http://www.queenalice.com/game.php?id=161924"]
[Date "2007.2.1"]
[Round "-"]
[White "wellcome"]
[Black "Vampiria"]
[Result "1-0"]
[WhiteElo "1472"]
[BlackElo "1103"]

1. e3 e6 2. Qf3 d5 3. Nc3 c6 4. d3 Nf6 5. Bd2 Bd7 6. O-O-O Na6 7. d4 Nb4 8. Kb1
Nd3 9. cxd3 b5 10. e4 dxe4 11. dxe4 Bd6 12. Bg5 b4 13. Nce2 c5 14. Bxf6 gxf6 15.
dxc5 Bxc5 16. Nf4 Qc8 17. Ngh3 Qc6 18. Qd3 a6 19. Rc1 e5 20. Nh5 a5 21. Rd1 Bxf2
22. Nxf2 1-0

[Event "Challenge"]
[Site "http://www.queenalice.com/game.php?id=174126"]
[Date "2007.2.26"]
[Round "-"]
[White "Vampiria"]
[Black "alexcamargo"]
[Result "0-1"]
[WhiteElo "1109"]
[BlackElo "1485"]

1. e4 e5 2. d3 Nf6 3. Be2 c6 4. Nc3 d5 5. Bf3 g6 6. h3 Bg7 7. g4 O-O 8. Nge2 Be6
9. b3 Nbd7 10. g5 Nh5 11. Bg4 Bxg4 12. hxg4 Nhf6 13. gxf6 Bxf6 14. Na4 dxe4 15.
dxe4 Nb6 0-1

[Event "PORTUGAL"]
[Site "http://www.queenalice.com/game.php?id=174734"]
[Date "2007.2.27"]
[Round "1"]
[White "Vampiria"]
[Black "gupi"]
[Result "0-1"]
[WhiteElo "1092"]
[BlackElo "1310"]

1. d4 e6 2. e3 Bb4+ 3. c3 Bd6 4. b3 b6 5. f4 Ba6 6. Bxa6 Qh4+ 7. g3 Qh3 8. Nxh3
Nxa6 9. e4 O-O-O 10. b4 Nf6 11. Nf2 c5 12. e5 cxb4 13. a3 bxc3 14. Qc2 Nd5 15.
Nxc3 b5 16. Qb3 b4 17. axb4 Bxb4 18. Bd2 f6 19. f5 exf5 20. Nxd5 fxe5 21. Nxb4
Nxb4 22. Bxb4 exd4 23. Ba5 Rde8+ 24. Kf1 Re3 25. Qc4+ Kb8 0-1

[Event "Challenge"]
[Site "http://www.queenalice.com/game.php?id=206845"]
[Date "2007.5.6"]
[Round "-"]
[White "Vampiria"]
[Black "cegonha85"]
[Result "0-1"]
[WhiteElo "1094"]
[BlackElo "1559"]

1. e4 c5 2. d3 Nf6 3. f3 Nc6 4. c4 e5 5. g4 Bd6 6. Nc3 O-O 7. Nd5 Nxd5 8. cxd5
Qh4+ 9. Ke2 Nd4+ 10. Ke3 b6 11. b3 Ba6 12. Nh3 Rfc8 13. Bd2 Bb7 14. Rg1 a5 15.
f4 exf4+ 16. Nxf4 Bxf4+ 17. Kxf4 Qf2+ 18. Kg5 h6+ 19. Kh5 Qxh2+ 0-1

[Event "Challenge"]
[Site "http://www.queenalice.com/game.php?id=207507"]
[Date "2007.5.7"]
[Round "-"]
[White "Vampiria"]
[Black "markus765432"]
[Result "0-1"]
[WhiteElo "1094"]
[BlackElo "2061"]

1. e4 c5 2. d3 g6 3. f3 Bg7 4. Qd2 Nc6 5. b3 Bxa1 6. c3 Nf6 7. g4 d6 8. b4 cxb4
9. cxb4 Qb6 10. Ne2 Qxb4 11. Qxb4 Nxb4 12. Ba3 Nc2+ 13. Kd2 Nxa3 14. Nxa3 Bd7
15. d4 O-O 16. g5 Nh5 0-1

[Event "desafio 1.0"]
[Site "http://www.queenalice.com/game.php?id=208367"]
[Date "2007.5.9"]
[Round "-"]
[White "wilbrito"]
[Black "Vampiria"]
[Result "1-0"]
[WhiteElo "1696"]
[BlackElo "1098"]

1. e4 e5 2. Nf3 f6 3. Nh4 Nh6 4. Qh5+ Ke7 5. d3 d6 6. Bxh6 gxh6 7. Nc3 c6 8.
O-O-O Na6 9. d4 Bg7 10. Bxa6 bxa6 11. dxe5 fxe5 12. Nf5+ Kf6 13. Rxd6+ Qxd6 14.
Nxd6 Ke7 15. Qf7+ Kxd6 16. Qxg7 1-0

[Event "Challenge"]
[Site "http://www.queenalice.com/game.php?id=208552"]
[Date "2007.5.9"]
[Round "-"]
[White "Vampiria"]
[Black "FENIX_40"]
[Result "0-1"]
[WhiteElo "1085"]
[BlackElo "1445"]

1. e4 e5 2. d3 Nc6 3. f3 Nd4 4. c3 Qh4+ 5. Kd2 Qf2+ 6. Be2 Qxg2 7. cxd4 Qxh1 8.
dxe5 Qxh2 9. b4 Bxb4+ 10. Nc3 Qxe5 11. Bb2 Qg5+ 0-1

[Event "Challenge"]
[Site "http://www.queenalice.com/game.php?id=210638"]
[Date "2007.5.14"]
[Round "-"]
[White "Vampiria"]
[Black "jose50"]
[Result "0-1"]
[WhiteElo "1096"]
[BlackElo "1903"]

1. e4 e5 2. d3 d6 3. f3 Nc6 4. a3 h6 5. g3 Be7 6. Qd2 f5 7. h3 Nf6 8. g4 f4 9.
Ne2 Be6 10. Qc3 d5 11. exd5 Qxd5 12. b4 Qxf3 13. Ng1 Qxh1 14. Qd2 Qxg1 15. Qe2
Nxg4 16. hxg4 Bh4+ 0-1

[Event "Viva Catarina Furtado!"]
[Site "http://www.queenalice.com/game.php?id=212784"]
[Date "2007.5.18"]
[Round "-"]
[White "Didiodpc"]
[Black "Vampiria"]
[Result "1-0"]
[WhiteElo "1443"]
[BlackElo "1092"]

1. e4 e5 2. Nf3 Qf6 3. Bc4 g5 4. d4 d6 5. d5 c6 6. O-O b5 7. Bd3 Nh6 8. Nc3 b4
9. Na4 Na6 10. Bxg5 Qg7 11. dxc6 1-0